[Event "45th Olympiad 2024"]
[Site "Budapest HUN"]
[Date "2024.09.16"]
[Round "6.1"]
[White "Nguyen, Ngoc Truong Son"]
[Black "Wei, Yi"]
[Result "1/2-1/2"]
[WhiteElo "2633"]
[BlackElo "2762"]
[PlyCount "29"]
[EventDate "2024.09.11"]
[WhiteTeam "Vietnam"]
[BlackTeam "China"]
[WhiteTeamCountry "VIE"]
[BlackTeamCountry "CHN"]

1. d4 Nf6 2. c4 e6 3. Nf3 d5 4. Nc3 c6 5. cxd5 exd5 6. Qc2 ({RR} 6. Bg5 Be7 7. Qc2 {½-½ (14) Milos,G (2579)-Leitao,R (2603) Sao Paulo 2007}) 6... g6 7. Bg5 Be7 8. e3 Bf5 9. Bd3 Bxd3 10. Qxd3 Nbd7 11. Bh6 Ng4 12. Bf4 Ngf6 ({RR} 12... Nf8 13. h4 h5 14. Ng5 Qd7 15. f3 Nh6 16. O-O-O f6 17. Nh3 Nf7 18. e4 dxe4 19. Qxe4 O-O-O 20. d5 c5 21. Qc4 Bd6 22. Ne4 Kb8 23. Rhe1 Bxf4+ 24. Nxf4 Ne5 25. Qc3 Qf5 26. g3 b6 27. Nxf6 {1-0 Carlsen,M (2864)-Firouzja,A (2778) Miami FTX Crypto Cup rapid 2022 (6.2)}) ({RR} 12... O-O 13. O-O Re8 14. Rab1 a5 15. Qc2 Nb6 16. h3 Nf6 17. Ne5 Nfd7 18. Nd3 Nc4 19. Rbc1 Bg5 20. b3 Ncb6 21. Bh2 Be7 22. Qb2 Ra7 23. Rb1 Nf8 24. Qc2 Nc8 25. Rfe1 Bd6 26. Ne5 f6 27. Nf3 {½-½ Nguyen,N (2629)-Adhiban,B (2677) FIDE World Cup 2017 (1.4)}) ({RR} 12... O-O 13. h3 Ngf6 14. O-O Re8 15. Rab1 a5 16. Qc2 Nf8 17. a3 Ne6 18. Bh2 Bd6 19. Ne5 Nd7 20. b4 axb4 21. axb4 Nxe5 22. dxe5 Bf8 23. b5 Ra3 24. bxc6 bxc6 25. Ne2 Qa8 26. Nd4 c5 27. Nb5 {Harikrishna,P (2668)-Karjakin,S (2694) Bilbao 2007 0-1 (38)}) ({RR} 12... O-O 13. h3 Ngf6 14. O-O Re8 15. Qc2 Nf8 16. Ne5 Ne6 17. Bh2 Bd6 18. Rac1 Qe7 19. a3 Nh5 20. Nd3 Bxh2+ 21. Kxh2 Ng5 22. b4 a6 23. a4 Ne4 24. Nxe4 dxe4 25. Nc5 b6 26. Nb3 Qxb4 27. a5 {Villarreal,A (2361)-Shankland,S (2651) chess.com INT 2026 0-1 (41)}) ({RR} 12... O-O 13. O-O Re8 14. Rab1 a5 15. Qc2 Nb6 16. h3 Nf6 17. Ne5 Nfd7 18. Nd3 Nc4 19. Rbc1 Bg5 20. b3 Ncb6 21. Bh2 Be7 22. Qb2 Ra7 23. Rb1 Nf8 24. Qc2 Nc8 25. Rfe1 Bd6 26. Ne5 f6 27. Nf3 {Nguyen,N (2629)-Adhiban,B (2677) Tbilisi 2017 ½-½ (71)}) 13. Bh6 Ng4 14. Bf4 Ngf6 $146 ({RR} 14... O-O 15. h3 Ngf6 16. O-O Re8 17. Bh2 Bf8 18. Ne5 Nxe5 19. Bxe5 Nd7 20. Bg3 Re6 21. f3 Bg7 22. Rad1 Nb6 23. Rfe1 Qg5 24. Bf2 f5 25. e4 fxe4 26. fxe4 Rf8 27. e5 Re7 28. Be3 Qf5 29. Qxf5 {½-½ Nepomnishay,M (2345)-Yakovich,Y (2520) St Petersburg op 1994 (5)}) ({RR} 14... O-O 15. O-O a5 16. h3 Ngf6 17. Qc2 Re8 18. Rfc1 Nb6 19. Rab1 Nc4 20. Nd2 Nxd2 21. Qxd2 a4 22. Qd3 Bb4 23. Bg5 Qd6 24. a3 Bxc3 25. Bxf6 Ba5 26. Be5 Qe6 27. b4 axb3 28. Rxb3 Re7 29. a4 {½-½ Zhao Jun (2542)-Adhiban,B (2520) Titled Tue 21st May Early 2024 (4)}) 15. Bh6 1/2-1/2

[Event "World Cup"]
[Site "Reykjavik"]
[Date "1991.??.??"]
[Round "4"]
[White "Speelman, Jonathan S"]
[Black "Ljubojevic, Ljubomir"]
[Result "1/2-1/2"]
[WhiteElo "2630"]
[BlackElo "2600"]
[Annotator "Ftacnik,Lubomir"]
[PlyCount "61"]
[EventDate "1991.09.??"]
[EventType "tourn"]
[EventRounds "15"]
[EventCountry "ISL"]
[EventCategory "16"]
[SourceTitle "CBM 026"]
[Source "ChessBase"]
[SourceDate "1992.02.01"]
[SourceVersion "1"]
[SourceVersionDate "1992.02.01"]
[SourceQuality "1"]

1. d4 Nf6 2. c4 e6 3. Nc3 d5 4. cxd5 exd5 5. Bg5 c6 6. e3 h6 7. Bh4 Be7 8. Qc2 Be6 9. Bd3 Nh5 10. Bg3 $6 (10. Bxe7 Qxe7 11. Nge2) ({RR} 10. Bxe7 Qxe7 11. Nge2 Nd7 12. h3 Nb6 13. g4 Nf6 14. O-O-O O-O-O 15. Kb1 Kb8 16. Ng3 g6 17. Rc1 Ne8 18. Na4 Nxa4 19. Qxa4 Nd6 20. Rc3 Rc8 21. Rhc1 Rc7 22. Ra3 b5 23. Qb4 Nc4 24. Qxe7 Rxe7 {Goldin,A (2555)-Hoffman,A (2450) Oviedo 1993 1-0 (33)}) ({RR} 10. Bxe7 Qxe7 11. Nge2 Nd7 12. O-O O-O 13. h3 Qh4 14. Rae1 Rae8 15. Qd2 b6 16. b4 g6 17. Qc2 Kh8 18. Qa4 Rc8 19. Qxa7 Qe7 20. Qa3 Ra8 21. Qb2 Kh7 22. Rc1 c5 23. bxc5 bxc5 24. dxc5 Nxc5 {Halavan,I (1172)-Yemelyanau,Z (1438) Minsk BLR 2023 0-1 (48)}) 10... Nd7 11. Nge2 O-O $146 ({RR} 11... Nxg3 12. hxg3 Qa5 13. Nf4 Nf8 14. Nh5 Rg8 15. O-O Bg4 16. Nf4 Ne6 17. Bf5 Bxf5 18. Qxf5 Nxf4 19. Qxf4 Qd8 20. e4 Bd6 21. Qf3 dxe4 22. Nxe4 Kf8 23. Nc5 Bxc5 24. dxc5 Qf6 25. Qb3 g6 26. Rfd1 {Blaha,V-Tropp,F (2132) Slovakia 2009 1-0 (52)}) 12. O-O Rc8 13. Rad1 b5 $1 14. Nf4 Nxf4 15. Bxf4 b4 16. Ne2 Qb6 (16... c5 17. Ba6 Rc6 18. Bb5 Rb6 19. Bxd7 Qxd7 20. dxc5 Rc8 $10) 17. Qd2 c5 18. dxc5 Nxc5 19. Bb1 (19. Be5 Ne4 20. Qe1 Rfd8 $13) 19... Rfd8 20. Nd4 Bf8 21. Qe2 Bd7 22. Qf3 Qf6 $1 23. Rfe1 (23. Qxd5 Bg4 $1) 23... g6 24. h3 Bg7 25. Qg3 $6 Ne6 (25... Ne4 26. Bxe4 dxe4 $15) 26. Nxe6 Bxe6 27. b3 Bf5 28. Bxf5 Qxf5 29. Re2 Qe4 (29... Rc2 30. e4 (30. Qf3 $1 $10) 30... Qh5 $1 31. Red2 d4) 30. Red2 Rc2 31. Qf3 {Ftacnik,L} (31. Qf3 Qxf3 32. gxf3 Rxd2 33. Rxd2 Bc3 34. Rc2 g5 35. Bc7 Rd7 36. Ba5 d4 37. exd4 Rd5 38. Bc7 Rxd4 39. Kg2 $10) 1/2-1/2

[Event "Tilburg"]
[Site "Tilburg"]
[Date "1993.??.??"]
[Round "3"]
[White "Lutz, Christopher"]
[Black "Jussupow, Artur"]
[Result "0-1"]
[WhiteElo "2605"]
[BlackElo "2630"]
[Annotator "Jussupow,Artur"]
[PlyCount "78"]
[EventDate "1993.11.??"]
[EventType "k.o."]
[EventRounds "7"]
[EventCountry "NED"]
[SourceTitle "CBM 039"]
[Source "ChessBase"]
[SourceDate "1994.04.01"]
[SourceVersion "1"]
[SourceVersionDate "1994.04.01"]
[SourceQuality "1"]

1. c4 {ChessBase} e6 2. Nc3 d5 3. d4 Nf6 4. cxd5 exd5 5. Bg5 Be7 6. e3 O-O 7. Bd3 Nbd7 8. Nge2 Re8 9. O-O c6 10. Qc2 Nf8 11. f3 Be6 12. Rae1 (12. Rad1 N6d7 13. Bf4 Rc8 14. a3 a5 $5 (14... Ng6 15. Bg3 Bh4 16. b4 $14 {Kamsky-Van der Sterren/Wijk an Zee/cm/4/1994}) 15. Kh1 b5 $132 {Kamsky-Van der Sterren/Wijk an Zee/cm/6/1994}) 12... Rc8 13. Kh1 N6d7 14. Bxe7 Qxe7 $146 (14... Rxe7 15. Nf4 {(Kasparov-Andersson/Belfort/1988)} Nf6 16. Qd2 Rd7 17. b4 $14 {Kasparov}) ({RR} 14... Rxe7 15. Nf4 Rc7 16. Qf2 Nf6 17. e4 dxe4 18. fxe4 Rcd7 19. d5 cxd5 20. Bb5 Rc7 21. exd5 Bd7 22. Be2 Rc8 23. Qxa7 b6 24. Qa6 Ne4 25. d6 Nxd6 26. Nfd5 Re5 27. Qxb6 Nf5 28. Qxd8 Rxd8 29. Bd3) 15. Qd2 (15. e4 dxe4 16. fxe4 c5 $132) (15. Nf4 $5) ({RR} 15. Nf4 Qd6 16. Qf2 ({RR} 16. Qd2 Rcd8 17. e4 dxe4 18. Nxe4 Qc7 19. Nh5 f6 20. Qb4 Bd5 21. Bc4 Re6 22. Bxd5 cxd5 23. Nc3 Nb6 24. Rxe6 Nxe6 25. Re1 Qf7 26. Ng3 Re8 27. Nf5 Nf4 28. Rxe8+ Qxe8 29. Qe7) 16... f6 ({RR} 16... Ng6 17. Nfe2 Qb4 18. Ng3 Nf6) 17. Nxe6 ({RR} 17. h4) 17... Nxe6 18. f4 Ndf8 ({RR} 18... b5) ({RR} 18... Rcd8) 19. e4 ({RR} 19. Kg1) ({RR} 19. a3) 19... dxe4 20. Nxe4 Qd5 ({RR} 20... Qxd4 21. Qxd4 Nxd4 22. Nd6 Rxe1 23. Rxe1 Rb8 ({RR} 23... Rd8 24. Bc4+) 24. Bc4+ Kh8 25. Nf7+ Kg8 26. Nd8+ Kh8 27. Re8) ({RR} 20... Qd7 21. f5 Nxd4 22. Bc4+ Kh8 23. Nc5 Qd6 24. Nxb7 Qb4) 21. Rd1 ({RR} 21. f5 Nxd4 22. Qg3 Rxe4 23. Bxe4) 21... f5 22. Nc3 Qxd4 23. Bxf5 Qxf2 24. Rxf2 Rcd8 25. Rxd8 Rxd8 26. g3 Kf7 27. Kg2 Nc5 ({RR} 27... Nd4 28. Rd2 Nfe6) 28. Re2 g6 29. Bc2 a5 {Carlsen,M (2770)-Ivanchuk,V (2746) Leon 2009 CBM 130 Extra [ChessBase] ½-½ (38)}) ({RR} 15. Ng3 Nb6 16. Qf2 c5 17. a3 a6 18. f4 f6 19. e4 dxe4 20. Ncxe4 cxd4 21. Nh5 Qf7 22. Qh4 Bc4 23. Nd6 Qd7 24. Rxe8 Bxd3 25. Qg3 Bg6 26. Qb3+ Kh8 27. Nxc8 Qxe8 28. Nd6 Qd7 29. Qxb6 Bxh5) ({RR} 15. Ng3 Nb6 16. Qf2 c5 17. a3 a6 18. f4 f6 19. e4 dxe4 20. Ncxe4 cxd4 21. Nh5 Qf7 22. Qh4 Bc4 23. Nd6 Qd7 24. Rxe8 Bxd3 25. Qg3 Bg6 26. Qb3+ Kh8 27. Nxc8 Qxe8 28. Nd6 Qd7 29. Qxb6 Bxh5 {Bareev,E (2709)-Jussupow,A (2628) Frankfurt 2000 1-0 (42)}) 15... Nb6 16. b3 $146 {×c4} (16. e4 c5 $10) ({RR} 16. e4 dxe4 17. fxe4 Bc4 18. Bc2 Rcd8 19. Rf3 c5 20. d5 Bxe2 21. Nxe2 Ng6 22. Rff1 Ne5 23. Ng3 g6 24. Qf4 Rd6 25. Ne2 Kg7 26. Ng1 Rf6 27. Qc1 Rxf1 28. Rxf1 Rc8 29. Nf3 Nbc4 30. b3 Nd6 {Szabo,B (2375)-Zucchelli,M (2160) Arco 2010 ½-½ (32)}) ({RR} 16. Nf4 Qd6 17. Qf2 Bd7 18. Nh5 g6 19. Ng3 Ne6 20. e4 Nf4 21. Bb1 f6 22. Qd2 Nc4 23. Qc1 Ne6 24. Rd1 Nf4 25. b3 Nb6 26. Rde1 Rf8 27. Nce2 Nxe2 28. Nxe2 Rce8 29. Qh6 Rf7 30. Qd2 Rfe7 {Taylor,P (2209)-Fox,A (2084) Port Erin 2007 1-0 (72)}) 16... Rcd8 {c8-d6} 17. a4 Qb4 $132 18. Ne4 Qxd2 $8 19. Nxd2 Bd7 $1 $10 {e6} 20. Ng3 (20. Nf4 $10) 20... a5 21. Re2 $6 (21. Kg1 {f2}) 21... Ne6 22. Rc1 Nc8 $15 {d6, g6,b6,c5} 23. f4 $6 Nd6 24. Nf3 f6 25. Kg1 Re7 26. h4 $2 {×g4} (26. Rce1 $15) 26... Rde8 27. Kf2 Nd8 $1 {f7-h6-g4} 28. Ree1 N8f7 $17 29. Nh2 $6 (29. Nf1 $142 {1h2}) 29... Nh6 30. Ngf1 Bf5 31. Be2 $6 $138 (31. Bxf5 $142 $17) 31... Ne4+ 32. Kg1 g5 $1 $40 33. g4 $2 (33. fxg5 $142 fxg5 34. hxg5 Nxg5 $17) 33... gxf4 $1 34. gxf5 $6 (34. exf4 Bxg4 35. Bxg4 Rg7 36. Ne3 f5 $19) 34... Rg7+ $19 35. Bg4 (35. Kh1 Nf2#) 35... Nxg4 36. Nxg4 Rxg4+ 37. Kh2 f3 38. Rc2 Rxh4+ 39. Kg1 Kf7 {Yusupov} 0-1

[Event "Olympiad-41"]
[Site "Tromsoe"]
[Date "2014.08.14"]
[Round "11.2"]
[White "Jones, Gawain C B"]
[Black "Bruzon Batista, Lazaro"]
[Result "0-1"]
[WhiteElo "2665"]
[BlackElo "2664"]
[Annotator "Krasenkow,Michal"]
[PlyCount "91"]
[EventDate "2014.08.02"]
[EventType "team-swiss"]
[EventRounds "11"]
[EventCountry "NOR"]
[SourceTitle "CBM 162"]
[Source "ChessBase"]
[SourceDate "2014.09.17"]
[SourceVersion "1"]
[SourceVersionDate "2014.09.17"]
[SourceQuality "1"]
[WhiteTeam "England"]
[BlackTeam "Cuba"]
[WhiteTeamCountry "ENG"]
[BlackTeamCountry "CUB"]

1. d4 d5 2. c4 e6 3. Nc3 Nf6 4. cxd5 exd5 5. Bg5 c6 6. Qc2 Be7 7. e3 Nbd7 8. Bd3 O-O 9. Nge2 Re8 10. O-O Nf8 11. f3 {A standard plan of preparing e3-e4.} g6 {[%cal Yf8e6] Practice has seen 20(!!) various continuations for Black in this position. The most common of them, besides the text move, are:} (11... Be6) (11... Nh5) (11... Ng6) (11... h6) (11... c5) 12. Rae1 {An obvious move but its value is questionable, as shown in the present game. White should rather play} (12. Rad1 {, overprotecting the d4-pawn in view of e3-e4}) ({or first} 12. Kh1) 12... Ne6 13. Bh4 (13. Bh6 $5) 13... b6 $5 {[%cal Yc6c5,Yc8b7,Ya8c8] A relatively new but good plan.} (13... Ng7 {is hardly appropriate here as ...c8-f5 can be met with e3-e4. A recent example:} 14. Kh1 Nf5 15. Bf2 c5 16. Bxf5 $5 Bxf5 17. e4 dxe4 18. fxe4 cxd4 19. Nxd4 Be6 (19... Bd7 20. e5) 20. Nxe6 fxe6 21. Qb3 Qd7 22. Rc1 Ng4 23. Bg1 Bg5 24. Rcd1 Qc6 {1-0 (30) Gretarsson,H (2507)-Lagerman,R (2315) Glasgow 2012} 25. Ne2 $1 $36) (13... c5 {is clearly premature due to} 14. dxc5 Nxc5 15. Bb5 {[%csl Rd5]}) ({The exchange of bishops by means of} 13... Nh5 {doesn't solve any problems:} 14. Bxe7 Rxe7 15. Qd2 Re8 16. Bc2 Nhg7 17. Rd1 Nf8 18. e4 Be6 19. Kh1 $14 {1-0 (45) Gonzalez Vidal,Y (2475)-Bautista Sanchez,J (2223) Barbera del Valles 2007}) (13... Bd7 $5 {[%cal Ya8c8] needs more tests although in the following game White (a strong GM) outplayed his opponent:} 14. Kh1 Rc8 15. Qb1 a5 $6 16. e4 dxe4 17. fxe4 Ng4 18. Bxe7 Qxe7 19. h3 Qh4 20. Kg1 Nh6 21. Qc1 Ng5 22. Rf4 Nxh3+ 23. gxh3 Qxh3 24. Rf2 Ng4 25. Nf4 $1 Qh4 26. Rg2 $16 {1-0 (50) Georgiev,K (2666)-Bellia,F (2418) Zaragoza 2011}) ({RR} 13... b5 14. Kh1 Bb7 15. Bf2 Rc8 16. Rd1 b4 17. Na4 Qa5 18. b3 Nd7 19. Qb1 c5 20. dxc5 Ndxc5 21. Nxc5 Nxc5 22. Bc2 Bf6 23. Nd4 Ba6 24. Rfe1 Ne6 25. Nxe6 Rxe6 26. e4 dxe4 27. Bxe4 Bc3 28. Rg1 {Piorun,K (2611)-Moroni,L (2532) Chess.com INT 2020 ½-½ (48)}) ({RR} 13... b5 14. Bf2 Bb7 15. Rd1 Rc8 16. Qd2 b4 17. Na4 Qa5 18. b3 c5 19. dxc5 Nxc5 20. Nxc5 Bxc5 21. Nd4 Re7 22. Rc1 Qb6 23. Rfd1 Rce8 24. Bf1 Nd7 25. Re1 Ba6 26. Bxa6 Qxa6 27. Bh4 Re5 28. Bg3 {Luukkonen,T (2230)-LAPITE,O (2228) chess.com INT 2026 1-0 (42)}) 14. Kh1 Bb7 15. Qb3 $146 {A new but hardly promising continuation. However, it is not easy to suggest something instead.} (15. Bf2 {is too slow:} Rc8 16. Bg1 c5 {etc.}) (15. Rd1 Rc8 16. e4 $6 dxe4 17. fxe4 Ng4 18. Bf2 $8 (18. Bxe7 Qxe7 {[%cal Rg4e3,Re7h4]}) 18... Nxf2+ (18... Bg5 $5) 19. Rxf2 Nxd4 20. Nxd4 Qxd4 21. Ba6 Qxf2 22. Qxf2 Bxa6 23. Rd7 Bc4 $44 {0-1 (35) Kaufman,R (2333)-Lengyel,B (2251) Budapest 2010}) (15. Nf4 Nxf4 16. exf4 Nh5 {1/2 (16) Genocchio,D (2446)-Recuero Guerra,D (2441) Presolana 2011}) ({RR} 15. Rd1 Rc8 16. h3 Nd7 17. Bf2 c5 18. dxc5 bxc5 19. Bb5 Nc7 20. Ba4 Rf8 21. Bxd7 Qxd7 22. Nxd5 Nxd5 23. e4 Rfd8 24. Nc3 Qe6 25. exd5 Qa6 26. Rfe1 Bf8 27. a3 Rd7 28. Bh4 h6 29. Re2 g5 {Ju,W (2583)-Rogule,L (2306) Baku 2016 1-0 (45)}) ({RR} 15. Rd1 Rc8 16. e4 dxe4 17. fxe4 Ng4 18. Bf2 Nxf2+ 19. Rxf2 Nxd4 20. Nxd4 Qxd4 21. Ba6 Qxf2 22. Qxf2 Bxa6 23. Rd7 Bc4 24. e5 Rcd8 25. Rxd8 Rxd8 26. b3 Be6 27. h3 Kg7 28. Qf4 Rd3 29. Ne4 c5 {Kaufman,R (2333)-Lengyel,B (2251) Budapest 2010 0-1 (35)}) 15... Rc8 (15... c5 16. dxc5 Nxc5 17. Qd1) 16. e4 {That was the idea of White's previous move but Black has prepared a strong reply.} c5 $1 {[%mdl 64]} 17. Bb5 (17. Bxf6 Bxf6 18. Nxd5 Bxd5 19. Qxd5 Qxd5 20. exd5 Nxd4 $15 {[%csl Re3]}) 17... Rf8 (17... cxd4 $1 {was stronger and gave Black an upper hand as White had no time to capture the e8-rook:} 18. Bxf6 (18. Bxe8 Nc5 $1 19. Qc2 dxc3 {, and White must give up a second piece for the rook as} 20. Bb5 a6 21. Bd3 (21. b4 axb5 22. bxc5 d4) 21... cxb2 {is even worse for him}) 18... Bxf6 19. Nxd5 (19. Bxe8 $2 dxc3 20. Nxc3 (20. Bb5 cxb2 $19) 20... Nc5 $19) 19... Nc5 $5 (19... Bxd5 20. Qxd5 (20. exd5 Nc5) 20... Rf8 $15) 20. Nxf6+ Qxf6 21. Qa3 Red8 $15 {[%csl Gd4]}) 18. e5 $6 (18. exd5 Nxd5 19. Bxe7 (19. Bf2 Nxc3 20. bxc3 cxd4 21. cxd4 Qd5 $15) 19... Nxe7 20. dxc5 Nxc5 {[%cal Ye7f5] is pleasant for Black}) (18. Rd1 $142 {with unclear consequences, e.g.} g5 $5 (18... dxe4 19. dxc5) (18... cxd4 19. Nxd4 Nc5 20. Qc2 a6 21. Be2 $14 {[%cal Ye4e5]}) (18... a6 19. exd5 $1 Nxd5 20. Bxe7 Qxe7 21. Nxd5 Bxd5 22. Qxd5 axb5 $11) (18... c4 19. Qc2 a6 20. Bxf6 Bxf6 21. exd5 axb5 22. dxe6 b4 $44) 19. Bf2 c4 20. Qc2 a6 21. exd5 Nxd5 (21... axb5 22. dxe6 b4 23. Ne4 Qd5 $44) 22. Nxd5 Qxd5 23. Nc3 Qd8 24. d5 Nf4 25. Bc6 Bxc6 26. dxc6 Nd3 27. b3 b5 28. a4 Rxc6 29. axb5 axb5 30. Bg1 Bc5 $1 $13) 18... Nh5 {[%cal Ra7a6]} 19. Bxe7 Qxe7 20. Nxd5 Bxd5 21. Qxd5 Rfd8 22. Qe4 cxd4 $17 {[%csl Gd4] As a result of the clash in the centre, Black has a clear advantage: his rooks are centralised, his knights are strong, and his passed d4-pawn can't be successfully blocked.} 23. f4 $2 (23. Nc1 $142 Nhf4 (23... Nc5 24. Qg4 Ng7 {[%cal Yg7f5,Yf5e3]}) 24. Nd3 Nd5 $17 {[%cal Yd5e3]}) 23... d3 $1 24. Nc3 Rd4 25. Qf3 Nhxf4 {Black has won a pawn and easily converts his material advantage.} 26. Re4 Rcd8 27. Rxd4 Rxd4 28. Ne4 d2 29. g3 Nh3 30. Nf6+ Kh8 31. Be2 Neg5 32. Qc6 Rd8 33. Kg2 Qxe5 34. Bd1 h5 35. b4 Kg7 36. a4 Kh6 37. Qb7 Qe6 38. b5 Kg7 39. Qxa7 Rd5 40. Qa8 Rf5 41. Rxf5 Qxf5 42. Qg8+ Kxf6 43. Qd8+ Kg7 44. Qd4+ Kh7 45. g4 hxg4 46. Qxg4 0-1

[Event "Vienna Millenium"]
[Site "Vienna"]
[Date "1996.08.09"]
[Round "1"]
[White "Karpov, Anatoly"]
[Black "Ehlvest, Jaan"]
[Result "1/2-1/2"]
[WhiteElo "2775"]
[BlackElo "2660"]
[Annotator "Hansen,Lars Bo"]
[PlyCount "106"]
[EventDate "1996.08.09"]
[EventType "tourn"]
[EventRounds "9"]
[EventCountry "AUT"]
[EventCategory "18"]
[SourceTitle "CBM 055"]
[Source "ChessBase"]
[SourceDate "1996.12.01"]
[SourceVersion "1"]
[SourceVersionDate "1996.12.01"]
[SourceQuality "1"]

1. d4 Nf6 2. c4 e6 3. Nf3 d5 4. Nc3 Be7 5. Bg5 O-O 6. e3 Nbd7 7. cxd5 exd5 8. Bd3 c6 9. Qc2 Re8 10. O-O Nf8 11. h3 {Karpov s pet line in the QGD exchange.} g6 (11... Be6 12. Bxf6 (12. Bf4 Bd6 13. Bxd6 Qxd6 14. a3 $14 {Karpov,A-Beliavsky,A/Tilburg/1986/}) (12. Rfc1 N6d7 13. Bf4 Nb6 14. Rab1 Bd6 15. Ne2 Ng6 16. Bxd6 Qxd6 17. a4 $14 {Karpov,A-Kharitonov,A/URS-ch/1988/}) (12. Ne5 N6d7 13. Bxe7 Rxe7 14. f4 f6 15. Nf3 $14 {Kramnik,V-Renet,O/Clichy/1995/}) 12... Bxf6 13. b4 $14 {Karpov,A-Campora,D/San Nicolas/1994/}) 12. Bxf6 $5 (12. Rab1 Ne6 13. Bh4 Ng7) 12... Bxf6 13. b4 a6 (13... Be7 $5 14. b5 Bd6 15. bxc6 bxc6 16. Rfc1 Ne6 $13 {Nikolic,P-Hansen,LB/Wijk/1995/}) 14. a4 Be6 15. b5 axb5 16. axb5 Nd7 $1 {Control of c5 is important.} 17. bxc6 bxc6 18. Ne2 $146 ({RR} 18. Na4 Qc7 19. Nc5 Nxc5 20. Qxc5 Be7 21. Qc3 c5 22. dxc5 Qxc5 23. Qxc5 Bxc5 24. Rxa8 Rxa8 25. Rc1 Be7 26. Bf1 Bf6 27. Rd1 Ra1 28. Rxa1 Bxa1 29. Nd4 {½-½ (29) Zueger,B (2460)-Kelecevic,N (2475) Winterthur 1996}) 18... c5 $1 19. Bb5 $5 { d7,f4.With pawns on just one side of the board it is logical to play with s against s.} (19. Rxa8 Qxa8 20. dxc5 Rc8 $10) 19... Bf5 20. Qd2 Qc7 21. Rxa8 Rxa8 22. Bxd7 Bxd7 23. Nf4 Be6 24. dxc5 Qxc5 {White has a theoretcal edge, but it is too small even for Karpov!} 25. Rd1 Ra1 26. Rxa1 Bxa1 27. Qa2 Bf6 28. Qa8+ Kg7 29. Qb7 Qd6 30. h4 h6 $1 (30... h5 $2 {× g5}) 31. g3 Bg4 32. Nh2 Be6 33. Nf3 Bg4 34. Nd4 (34. Nh2 Be6 $10) 34... Bxd4 35. exd4 Be6 36. Kg2 g5 $1 37. hxg5 hxg5 38. Nd3 Qd7 39. Qxd7 Bxd7 40. Kf3 Kf6 41. Nb4 Be6 42. Nc2 Ke7 43. Ke3 Kd6 $10 44. Nb4 Kc7 45. f4 gxf4+ 46. Kxf4 f6 $1 47. Ke3 Kd6 48. Nd3 Bf5 49. Nf4 Be4 50. Kd2 Ke7 51. Ke3 Kd6 52. Ke2 Kd7 53. Kd2 Ke7 1/2-1/2